00391nam a2200133 a 45000010010000000030011000100080041000210350026000620820012000881000024001002450051001242600047001756500035002220000-8597ELIB.Books110520 1986  a(ELIB.Books)0000-8743 aR bChi aChildress, James F. aThe Westminster Dictionary of Christian Ethics bPhiladelphia: The Westminster Press c1986 aDictionary of Christian Ethics